| 000 | 00854cam a22002531 4500 | ||
|---|---|---|---|
| 001 | gs 07000488 | ||
| 003 | DLC | ||
| 005 | 20260227111305.0 | ||
| 008 | 770126s1901 nyu 000 0 eng | ||
| 010 | _ags 07000488 | ||
| 035 | _a(OCoLC)2701323 | ||
| 040 |
_aDLC _cNFredU _dOCoLC _dDLC |
||
| 042 | _apremarc | ||
| 050 | 0 | 0 |
_aQ11 _b.N82 no. 48 |
| 100 | 1 |
_aWoodworth, Jay Backus, _d1865-1925. |
|
| 245 | 1 | 0 |
_aPleistocene geology of portions of Nassau County and borough of Queens, _cby Jay Backus Woodworth. |
| 260 |
_aAlbany, _bUniversity of the State of New York, _c1901. |
||
| 300 |
_a[617]-670 p. _billus., 9 plates (incl. 2 fold. maps) _c25 cm. |
||
| 490 | 0 | _aNew York State Museum. Bulletin 48 | |
| 500 | _aCover title. | ||
| 504 | _aBibliography: p. 664. | ||
| 650 | 0 |
_aGeology, Stratigraphic _yQuaternary. |
|
| 650 | 0 |
_aGeology _zLong Island. |
|
| 999 |
_c24589 _d24589 |
||